00326nam a22001097a 4500082001800000245006500018250001200083260004500095300003100140526003700171650000800208 a510.0212bMAT aMathematical tablesbComprehending Logarithms of all numbers a7th ed. aUnited ProvincesbGovernment Pressc1915 aviii 119, :bill, :c10 Cm a0b0c0d510_021200000000000_MAT aMCE